| 000 | 00638nam a2200217 a 4500 | ||
|---|---|---|---|
| 999 |
_c2203 _d2203 |
||
| 001 | 2203 | ||
| 003 | BD-JhCC | ||
| 005 | 20171030202834.0 | ||
| 008 | 171030s1375 bg | ||| ||a| 000 0 ben d | ||
| 035 | _a(BD-JhCC)2203 | ||
| 040 |
_aBD-JhCC _dBD-JhCC |
||
| 041 | _aben | ||
| 082 |
_a891.443 _bSHA 1375 |
||
| 100 | _aসাহা, ইন্দু | ||
| 245 |
_aগঙ্গা পারের খেয়া / _cইন্দু সাহা |
||
| 260 |
_aঢাকা : _bচৌধুরী পাবলিশিং হাউস, _c1375. |
||
| 300 |
_a167 p. : _c21 cm. |
||
| 650 | _aBengali Novel | ||
| 942 |
_2ddc _cBK |
||